Fluid mechanics for chemical engineers

Saved in:
Bibliografiske detaljer
Hovedforfatter: DE NEVERS, Noel
Format: Bog
Sprog:engelsk
Udgivet: McGraw-Hill Education 2021
Tags: Tilføj Tag
Ingen Tags, Vær først til at tagge denne postø!

MARC

LEADER 00000nam a22000007a 4500
008 240116b |||||||| |||| 00| 0 eng d
020 |a 9781260575149 
100 |a DE NEVERS, Noel 
245 |a Fluid mechanics for chemical engineers  |c  / Noel de Nevers, Geoffrey D.Silcox  |g xviii,660p 
260 |b  McGraw-Hill Education  |c 2021  |h New York  |i 701365  |i 701366  |i 701367  |l QC145.2.D41  |m Fluid mechanics  |m Chemical engineering. 
500 |a it includes index 
942 |a lcc  |c BK  |e Johnson  |f 16/01/24 
952 |0 0  |1 0  |2 lcc  |4 0  |6 QC01452 D41  |7 0  |9 4788  |a SL  |b HOL  |c QZ  |d 2024-01-16  |l 0  |o QC145.2.D41  |p 2024-0042  |r 2024-01-16 00:00:00  |t 701365  |w 2024-01-16  |y BK 
952 |0 0  |1 0  |2 lcc  |4 0  |6 QC01452 D41  |7 0  |9 4789  |a HOL  |b HOL  |c QZ  |d 2024-01-16  |l 0  |o QC145.2.D41  |p 2024-0043  |r 2024-01-16 00:00:00  |t 701366  |w 2024-01-16  |y BK 
952 |0 0  |1 0  |2 lcc  |4 0  |6 QC01452 D41  |7 0  |9 4790  |a HOL  |b HOL  |c QZ  |d 2024-01-16  |l 0  |o QC145.2.D41  |p 2024-0044  |r 2024-01-16 00:00:00  |t 701367  |w 2024-01-16  |y BK 
999 |c 2394  |d 2394